000 00382nam a2200169Ia 4500
008 220531s9999 xx 000 0 und d
041 _aeng
082 _bDAS
100 _aDas, Kamala
_935656
245 _aMy Story
260 _bSterling
_c1991
300 _a219
542 _d14-08-1997
650 _aEnglish
_935657
906 _d1997-1998
_f5401
999 _c21849
_d21849